000
00278nam a2200109Ia 4500
008
200302s9999 xx 000 0 und d
100
_a
G. D. kunders
245
_a
Designing for Total Quality in Health Care
260
_b
Prism Books Pvt. Ltd.
260
_c
2002
300
_a
470 P.,
999
_c
1230
_d
1230